LEADER 01358nam a2200265 a 4500 001 000000106982 003 CaOOAMICUS 005 20100923114205.0 008 070913s2001 it u000 u ita u 020 $a88-465-0212-4 040 $aPUL$bita$dLDB 100 1 $aRava, Eva Carlota,$d1940-$0(OLS)http://pul/name/1338 245 13$aLa Grazia di Dio che č con me :$bappunti di teologia spirituale /$cEva Carlota Rava. 260 $aRoma :$bPontificia Universitą Lateranense :$bMursia,$c2001. 300 $a230 p. ;$c24 cm. 490 1 $aSapientia Christiana. Collana della Facoltą di Teologia della Pontificia Universitą Lateranense ;$v7 504 $aInclude riferimenti bibliografici e indici. 650 14$aGrazia (teologia).$0(OLS)http://pul/subject/5643 830 0$aSapientia Christiana. Collana della Facoltą di Teologia della Pontificia Universitą Lateranense ;$v7.$0(OLS)http://pul/title/51558 850 $aPUL 852 $aPUL$W1$xSL Religione 1$y3$m52(1) F 7$j121188$qStampati$B120303$CPULBib$Z2$F120303 $H86718 $82 941 1 $a8 996 $6020$a88-465-0212-4$9(OLS)http://pul/number/135616 996 $6245$aLa Grazia di Dio che č con me :$bappunti di teologia spirituale$9(OLS)http://pul/title/134724 996 $6260$aRoma :$bPontificia Universitą Lateranense :$bMursia$9(OLS)http://pul/publisher/62146 LEADER 01337nam a2200325 a 4500 001 000000128302 003 CaOOAMICUS 005 20120403095528.0 008 120403s2011 it u000 u ita r 020 $a978-88-10-82085-8 040 $aPUL$bita 041 1 $aita$aheb$hheb 082 04$a224 130 0 $aBiblia.$pV.T.$pProphetae.$lItaliano ed ebraico.$0(OLS)http://pul/title/162132 245 10$aProfeti :$btraduzione interlineare in italiano /$ca cura di Roberto Reggi. 260 $aBologna :$bEDB,$c©2011. 300 $a619 p. ;$c24 cm. 490 1 $aTraduzione Interlineare Italiana 546 $aTesto ebraico con trad. italiana. 630 04$aBiblia.$pV.T.$pProphetae.$0(OLS)http://pul/subject/10034 700 1 $aReggi, Roberto.$0(OLS)http://pul/name/30773 830 0$aTraduzione Interlineare Italiana.$0(OLS)http://pul/title/139830 850 $aPUL 852 $aPUL$W1$xSL Religione 3$y85$m224 REGRO 3$j148532$qDDC 21$q $B147089$CPULBib$Z2$F147089 $H118909 $81 941 1 $a9 996 $6020$a978-88-10-82085-8$9(OLS)http://pul/number/149388 996 $6082$a224$9(OLS)http://pul/classification/484 996 $6245$aProfeti :$btraduzione interlineare in italiano$9(OLS)http://pul/title/162133 996 $6260$aBologna :$bEDB$9(OLS)http://pul/publisher/56073